000 00286nam a2200121Ia 4500
008 190216s9999||||xx |||||||||||||| ||und||
100 _aMukundan M
245 0 _aMayyazhipuzhayute Theerangalil
260 _bNational Book Stall
_c1978
300 _a322p
650 _aNovel
942 _cBK
999 _c25282
_d25282